Ensayo teórico-práctico sobre la homología y heterología frenopáticas o sean Semejanzas y diferencias entre los procesos de la razón y de la sin-razón (Record no. 68782)
[ view plain ]
| 000 -LEADER | |
|---|---|
| campo de control de longitud fija | 00817nam a2200181 i 4500 |
| 001 - NÚMERO DE CONTROL | |
| campo de control | 68782 |
| 003 - IDENTIFICADOR DE NÚMERO DE CONTROL | |
| campo de control | ES-MaACL |
| 005 - FECHA Y HORA DE LA ÚLTIMA TRANSACCIÓN | |
| campo de control | 20230906170348.0 |
| 007 - CAMPO FIJO DE DESCRIPCIÓN FÍSICA--INFORMACIÓN GENERAL | |
| campo de control de longitud fija | t| |
| 008 - DATOS DE LONGITUD FIJA--INFORMACIÓN GENERAL | |
| campo de control de longitud fija | 960829s1878 sp ||||1| spa d |
| 040 ## - FUENTE DE CATALOGACIÓN | |
| Centro catalogador/agencia de origen | CAM |
| Lengua de catalogación | spa |
| Centro/agencia transcriptor | CAM |
| 100 1# - ENTRADA PRINCIPAL--NOMBRE DE PERSONA | |
| Nombre de persona | Giné y Partagás, Juan ( |
| Fechas asociadas al nombre | 1836-1903) |
| 9 (RLIN) | 57111 |
| 245 10 - MENCIÓN DEL TÍTULO | |
| Título | Ensayo teórico-práctico sobre la homología y heterología frenopáticas o sean Semejanzas y diferencias entre los procesos de la razón y de la sin-razón |
| Resto del título | : discurso leido en la sesión inaugural de la Academia de Medicina y Cirugía de Barcelona el día 30 de enero de 1878 / |
| Mención de responsabilidad, etc. | por Juan Giné y Partagás. |
| 260 ## - PUBLICACIÓN, DISTRIBUCIÓN, ETC. | |
| Lugar de publicación, distribución, etc. | Barcelona : |
| Nombre del editor, distribuidor, etc. | [s.n.], |
| Fecha de publicación, distribución, etc. | 1878 ( |
| Fabricante | Establecimiento tipográfico de Narciso Ramirez y Cª) |
| 300 ## - DESCRIPCIÓN FÍSICA | |
| Extensión | 90 p. ; |
| Dimensiones | 22 cm. |
| 650 #4 - PUNTO DE ACCESO ADICIONAL DE MATERIA--TÉRMINO DE MATERIA | |
| Término de materia o nombre geográfico como elemento de entrada | Psicosis. |
| 9 (RLIN) | 146480 |
| 852 ## - LOCALIZACIÓN | |
| Ubicación | ES-MaACL |
| Número de control de estantería | T-274-F-6 |
| Estatus retirado | Estado de pérdida | Estado de daño | No para préstamo | Colección | Biblioteca de origen | Biblioteca actual | Ubicación en estantería | Fecha de adquisición | Fuente de adquisición | Total de préstamos | Signatura topográfica completa | Código de barras | Visto por última vez | Precio de reemplazo | Tipo de ítem Koha |
|---|---|---|---|---|---|---|---|---|---|---|---|---|---|---|---|
| Colección de folletos | Biblioteca del Ateneo de Madrid | Biblioteca del Ateneo de Madrid | Depósito folletos | 17/01/2008 | T-274-F-6 | 1072016 | 23/02/2023 | 23/02/2023 | Folleto |
